| 000 | 00664nam a22001937a 4500 | ||
|---|---|---|---|
| 001 | BD-DhSAU 9607 | ||
| 003 | BD-DhSAU | ||
| 005 | 20150624111723.0 | ||
| 008 | 150624b1988 bg ||||r|||| 000 0 ben d | ||
| 040 | _aBD-DhSAU | ||
| 082 |
_222 _a--- _bগঙ্গোহী |
||
| 100 | _aগঙ্গোপাধ্যায়, সুনীল | ||
| 245 |
_aহীরক দীপ্তি / _cসুনীল গঙ্গোপাধ্যায় |
||
| 260 |
_aঢাকা : _bপল্লব পাবলিশার্স, _c১৯৮৮. |
||
| 300 |
_a৭৭ প. : _c২১ সেমি |
||
| 590 | _ajoy | ||
| 650 | _aউপন্যাস | ||
| 942 |
_2ddc _cBOOK |
||
| 999 |
_c9607 _d9607 |
||